University Home | Library Home | Institutional Repository

Teacher Appraisal:a matching Process/ (Record no. 113655)

MARC details
000 -LEADER
fixed length control field 00430cam a2200145 4500
008 - FIXED-LENGTH DATA ELEMENTS--GENERAL INFORMATION
fixed length control field 100128n 000 0 eng u
035 ## - SYSTEM CONTROL NUMBER
System control number (Sirsi) a168287
040 ## - CATALOGING SOURCE
Original cataloging agency CIP
050 ## - LIBRARY OF CONGRESS CALL NUMBER
Classification number LB 2838 SOR 1968
100 ## - MAIN ENTRY--PERSONAL NAME
Personal name Sorenson, Carthy
245 ## - TITLE STATEMENT
Title Teacher Appraisal:a matching Process/
Statement of responsibility, etc. Carthy Sorenson and Cecily Gross
260 ## - PUBLICATION, DISTRIBUTION, ETC.
Place of publication, distribution, etc. Los Angeles:
Name of publisher, distributor, etc. University of carlifornia,
Date of publication, distribution, etc. 1968
300 ## - PHYSICAL DESCRIPTION
Extent 20p.
700 ## - ADDED ENTRY--PERSONAL NAME
Personal name Gross, Cecily

No items available.

© 2026 - The University of Zambia Library - Koha v25.11